Journal of the Asiatic Society of Bengal, Vol.- LXVII, Part-1, 1898 (History, Antiquities &c.) / (Record no. 32326)

MARC details
000 -LEADER
fixed length control field 01081cas a22002653 4500
001 - CONTROL NUMBER
control field 10862718
003 - CONTROL NUMBER IDENTIFIER
control field BDDh-ASL
005 - DATE AND TIME OF LATEST TRANSACTION
control field 20231015031357.0
008 - FIXED-LENGTH DATA ELEMENTS--GENERAL INFORMATION
fixed length control field 900512u ii u 0 0eng
010 ## - LIBRARY OF CONGRESS CONTROL NUMBER
LC control number sv 90026719
040 ## - CATALOGING SOURCE
Original cataloging agency BDDh-ASL
Transcribing agency BDDh-ASL
041 ## - LANGUAGE CODE
Language code of text/sound track or separate title eng
050 00 - LIBRARY OF CONGRESS CALL NUMBER
Classification number AS472
Item number .C2195
082 ## - DEWEY DECIMAL CLASSIFICATION NUMBER
Classification number 950.1
Item number ASI
245 00 - TITLE STATEMENT
Title Journal of the Asiatic Society of Bengal, Vol.- LXVII, Part-1, 1898 (History, Antiquities &c.) /
Statement of responsibility, etc. Edited by Honorary Philological Secretary.
246 23 - VARYING FORM OF TITLE
Title proper/short title Journal & proceedings of the Asiatic Society of Bengal.
260 ## - PUBLICATION, DISTRIBUTION, ETC.
Place of publication, distribution, etc. Calcutta :
Name of publisher, distributor, etc. Baptist Mission Press,
Date of publication, distribution, etc. 1898.
300 ## - PHYSICAL DESCRIPTION
Other physical details ill. ;
Dimensions 23 cm.
310 ## - CURRENT PUBLICATION FREQUENCY
Current publication frequency Unknown
590 ## - LOCAL NOTE (RLIN)
Local note Call no chg'd fr. AS472 .C226 12/11/69. Its Journal and proceedings entry cancelled.
590 ## - LOCAL NOTE (RLIN)
Local note Holdings in 3x5 and visible file (sv 87-23539).
650 #0 - SUBJECT ADDED ENTRY--TOPICAL TERM
Topical term or geographic name entry element Year Book, Annual Report, Bulletin, Souvenir, Presidential and General Secretary's Address, Journal & proceedings of the Asiatic Society of Bengal.
9 (RLIN) 8212
906 ## - LOCAL DATA ELEMENT F, LDF (RLIN)
a 0
b bbc
c serlocs
d u
e ncip
f 19
g ilsserca
942 ## - ADDED ENTRY ELEMENTS (KOHA)
Source of classification or shelving scheme Dewey Decimal Classification
Koha item type Reference
Holdings
Withdrawn status Lost status Source of classification or shelving scheme Damaged status Not for loan Collection code Home library Current library Shelving location Date acquired Source of acquisition Serial Enumeration / chronology Total Checkouts Full call number Barcode Date last seen Copy number Price effective from Koha item type Public note
    Dewey Decimal Classification   Not For Loan Non-fiction Asiatic Society Library Asiatic Society Library Reference 05/08/2023 ASB Journal Exchange Program V-LXVII   950.1 ASI 121154 05/08/2023 C-1, P-1 05/08/2023 Reference Y-1898

Powered by Koha